000
00290nam a2200121Ia 4500
008
190216s9999||||xx |||||||||||||| ||und||
100
_a
Dalela R C&Amp; Verma S R
245
0
_a
Text Book Of Cytology
260
_b
Jaiprakashnath&Co:
_c
1977
300
_a
xiii
650
_a
Botany
942
_c
BK
999
_c
1327
_d
1327